Welt der Erinnerungen: (Titelsatznr. 373841)
[ MARC ]
| 000 -Satzkennung | |
|---|---|
| Kontrollfeld mit fester Länge | 00349nam a2200133 4500 |
| 008 - Feld mit fester Länge zur physischen Beschreibung - Allgemeine Angaben | |
| Kontrollfeld mit fester Länge | 250701b |||||||| |||| 00| 0 eng d |
| 040 ## - Katalogisierungsquelle | |
| Original-Katalogisierungsstelle | DE-2950 |
| Übertragungsstelle | DE-2950 |
| Bearbeitungsstelle | DE-2950 |
| 041 ## - Sprachcode | |
| Sprachcode des Textes/der Tonspur oder des separaten Titels | ger |
| 041 ## - Sprachcode | |
| Sprachcode des Textes/der Tonspur oder des separaten Titels | pol |
| 245 ## - Titel | |
| Titel | Welt der Erinnerungen: |
| Zusatz zum Titel | meine und deine Geschichte. Unsere Städte |
| 260 ## - Publikation, Vertrieb usw. (Erscheinungsvermerk) | |
| Erscheinungsort, Vertriebsort etc. | Slubice |
| Date of publication, distribution, etc | 2007 |
| 300 ## - Physische Beschreibung | |
| Umfang | 112 S. |
| 942 ## - Zusätzliche Felder (Koha) | |
| Klassifikation oder Aufstellungssystematik | Andere/Generische Klassifikation |
| Koha-Medientyp | Bücher |
| Ausgeschieden | Verloren | Klassifikation oder Aufstellungssystematik | Beschädigt | Nicht entleihbar | Permanenter Standort | Aktueller Standort | Aufstellungsort | Erwerbungsdatum | Lieferant | Anzahl Ausleihen | Signatur | Letzte Aktivität | Exemplarnummer | Preis gültig von | Medientyp |
|---|---|---|---|---|---|---|---|---|---|---|---|---|---|---|---|
| Andere/Generische Klassifikation | Stadtarchiv Frankfurt (Oder) | Archivbibliothek | Stadtarchiv Frankfurt (Oder) | Archivbibliothek | Magazin | 01/07/2025 | OB-Büro | II: 5143 | 01/07/2025 | 50/2025 | 01/07/2025 | Bücher |